Az elbeszélő szövegek rétegei

Elmentve itt :
Bibliográfiai részletek
Szerző: Szegedy Maszák Mihály
Dokumentumtípus: Könyv része
Megjelent: 1980
Sorozat:Studia poetica 1
Az irodalmi elbeszélés elméleti kérdései : narratológiai tanulmányok 1
Kulcsszavak:Irodalomelmélet
Tárgyszavak:
Online Access:http://acta.bibl.u-szeged.hu/17096
LEADER 00792naa a2200229 i 4500
001 acta17096
005 20220117093649.0
008 161015s1980 hu o 0|| hun d
022 |a 0209-9403 
040 |a SZTE Egyetemi Kiadványok Repozitórium  |b hun 
041 |a hun 
041 |a ger 
100 2 |a Szegedy Maszák Mihály 
245 1 3 |a Az elbeszélő szövegek rétegei  |h [elektronikus dokumentum] /  |c  Szegedy Maszák Mihály 
260 |c 1980 
300 |a 340-357 
490 0 |a Studia poetica  |v 1 
490 0 |a Az irodalmi elbeszélés elméleti kérdései : narratológiai tanulmányok  |v 1 
650 4 |a Bölcsészettudományok 
650 4 |a Nyelvek és irodalom 
695 |a Irodalomelmélet 
856 4 0 |u http://acta.bibl.u-szeged.hu/17096/1/studia_poetica_001_340-357.pdf  |z Dokumentum-elérés